[Event "Titled Tuesday intern op 23rd Jul Late"]
[Site "Chess.com INT"]
[Date "2024.07.23"]
[Round "7"]
[White "Navarro, Tiago Cunha"]
[Black "Winkels, Marcel"]
[Result "1-0"]
[WhiteElo "2117"]
[BlackElo "1924"]
[PlyCount "93"]
[EventDate "2024.07.23"]
[EventType "swiss (blitz)"]
[EventRounds "11"]
[EventCountry "USA"]
[SourceTitle "EXT 2025"]
[Source "ChessBase"]
[SourceDate "2024.10.14"]
[SourceVersion "1"]
[SourceVersionDate "2024.10.14"]
[SourceQuality "1"]

1. d4 Nf6 2. Nf3 g6 3. c4 Bg7 4. Nc3 d5 5. Qb3 dxc4 6. Qxc4 0-0 7. e4 a6 8. e5 Nfd7 9. e6 Nb6 10. exf7+ Kh8 11. Qb3 Nc6 12. Be3 Bg4 13. Be2 Bxf3 14. Bxf3 Nxd4 15. Bxd4 Qxd4 16. 0-0 Rab8 17. Rad1 Qf6 18. Nd5 Qxf7 19. Nxc7 Qxb3 20. axb3 Bxb2 21. Ne6 Rf6 22. Rfe1 Rf5 23. Re2 Bf6 24. Rc1 Rb5 25. Re3 Nd5 26. Bxd5 Rxd5 27. h3 Re5 28. Rxe5 Bxe5 29. f4 Bd6 30. Kf2 a5 31. Ke3 b5 32. g4 a4 33. Rb1 a3 34. Nd4 b4 35. Kd3 Bxf4 36. Nc6 Rb7 37. Kc4 Bd6 38. Ra1 Rb6 39. Kd5 Rb5+ 40. Ke6 Rc5 41. Nxe7 Bxe7 42. Kxe7 Rc2 43. Kf6 h5 44. Kxg6 h4 45. Kh5 Rb2 46. Kg6 a2 47. Re1 1-0

[Event "Titled Tuesday intern op 11th Jun Early"]
[Site "Chess.com INT"]
[Date "2024.06.11"]
[Round "3"]
[White "Navarro, Tiago Cunha"]
[Black "Dilmukhametov, Artur"]
[Result "1-0"]
[WhiteElo "2117"]
[BlackElo "2276"]
[PlyCount "65"]
[EventDate "2024.06.11"]
[EventType "swiss (blitz)"]
[EventRounds "11"]
[EventCountry "USA"]
[SourceTitle "EXT 2025"]
[Source "ChessBase"]
[SourceDate "2024.10.14"]
[SourceVersion "1"]
[SourceVersionDate "2024.10.14"]
[SourceQuality "1"]

1. d4 Nf6 2. c4 g6 3. Nc3 Bg7 4. Nf3 d6 5. g3 0-0 6. Bg2 Nc6 7. 0-0 a6 8. h3 e5 9. d5 Ne7 10. c5 dxc5 11. Nxe5 Nfxd5 12. Nxf7 Rxf7 13. Nxd5 Kh8 14. Bg5 Bf8 15. Nxe7 Qxd1 16. Nxg6+ hxg6 17. Raxd1 Bd6 18. e4 Be6 19. a3 Re8 20. f4 Bc4 21. Rfe1 Bb3 22. Rd2 c4 23. e5 Bc5+ 24. Kh2 b5 25. Bc6 Rb8 26. e6 c3 27. bxc3 Rh7 28. Bd5 Be7 29. Bxb3 Bxg5 30. fxg5 Rf8 31. e7 Re8 32. Rd8 Rhxe7 33. Rxe8+ 1-0

[Event "Titled Tuesday intern op 11th Jun Early"]
[Site "Chess.com INT"]
[Date "2024.06.11"]
[Round "8"]
[White "Navarro, Tiago Cunha"]
[Black "Gunnarsson, Jon Viktor"]
[Result "0-1"]
[WhiteElo "2117"]
[BlackElo "2448"]
[PlyCount "40"]
[EventDate "2024.06.11"]
[EventType "swiss (blitz)"]
[EventRounds "11"]
[EventCountry "USA"]
[SourceTitle "EXT 2025"]
[Source "ChessBase"]
[SourceDate "2024.10.14"]
[SourceVersion "1"]
[SourceVersionDate "2024.10.14"]
[SourceQuality "1"]

1. d4 Nf6 2. c4 c5 3. Nf3 g6 4. d5 b5 5. cxb5 a6 6. e3 Bg7 7. Nc3 axb5 8. Bxb5 Ba6 9. a4 0-0 10. 0-0 e6 11. dxe6 fxe6 12. Qd6 Ne4 13. Nxe4 Bxb5 14. Re1 Bc6 15. Ng3 Bxf3 16. gxf3 Rxf3 17. Qxc5 Nc6 18. Rb1 Qf6 19. Re2 Rf8 20. e4 Nd4 0-1

[Event "Titled Tuesday intern op 11th Jun Early"]
[Site "Chess.com INT"]
[Date "2024.06.11"]
[Round "7"]
[White "Padmini, Rout"]
[Black "Navarro, Tiago Cunha"]
[Result "1-0"]
[WhiteElo "2348"]
[BlackElo "2117"]
[PlyCount "75"]
[EventDate "2024.06.11"]
[EventType "swiss (blitz)"]
[EventRounds "11"]
[EventCountry "USA"]
[SourceTitle "EXT 2025"]
[Source "ChessBase"]
[SourceDate "2024.10.14"]
[SourceVersion "1"]
[SourceVersionDate "2024.10.14"]
[SourceQuality "1"]

1. d4 d5 2. c4 c6 3. Nf3 Nf6 4. e3 e6 5. Bd3 Nbd7 6. 0-0 Bd6 7. Nc3 dxc4 8. Bxc4 b5 9. Bd3 a6 10. e4 e5 11. dxe5 Nxe5 12. Nxe5 Bxe5 13. f4 Bd4+ 14. Kh1 Ng4 15. Qf3 h5 16. e5 Qh4 17. h3 0-0 18. Qe4 Bf5 19. Qxd4 Rad8 20. Qxd8 Rxd8 21. Bxf5 Nh6 22. Be4 Qg3 23. Rf3 Qe1+ 24. Kh2 b4 25. Re3 Qf1 26. Rf3 Qc4 27. b3 Qe6 28. Ne2 Nf5 29. Bxf5 Qxf5 30. Be3 Qc2 31. Nd4 Qb2 32. Rd1 c5 33. Rd2 Qa1 34. Nc2 Qb1 35. Rxd8+ Kh7 36. Rf2 Qxa2 37. Nxb4 Qxb3 38. Nd5 1-0

[Event "Titled Tuesday intern op 04th Jan"]
[Site "Chess.com INT"]
[Date "2022.01.04"]
[Round "6"]
[White "Mickiewicz, Piotr"]
[Black "Navarro, Tiago Cunha"]
[Result "0-1"]
[WhiteElo "2294"]
[BlackElo "2117"]
[PlyCount "146"]
[EventDate "2022.01.04"]
[EventType "swiss (blitz)"]
[EventRounds "11"]
[EventCountry "USA"]
[SourceTitle "EXT 2023"]
[Source "ChessBase"]
[SourceDate "2022.10.05"]
[SourceVersion "1"]
[SourceVersionDate "2022.10.05"]
[SourceQuality "1"]

1. Nf3 d5 2. g3 Nf6 3. Bg2 g6 4. 0-0 Bg7 5. d3 0-0 6. Nc3 c5 7. a3 Nc6 8. Rb1 b6 9. b4 cxb4 10. axb4 Bb7 11. b5 Na5 12. Ba3 d4 13. Na2 Nd5 14. Nd2 Rc8 15. Ne4 Qd7 16. Qd2 Rc7 17. Nc5 bxc5 18. Qxa5 h5 19. Bc1 h4 20. Bd2 hxg3 21. hxg3 Rfc8 22. c4 dxc3 23. Nxc3 Nxc3 24. Bxc3 Bxg2 25. Kxg2 Qd5+ 26. f3 Bd4 27. Rh1 Qe5 28. Bxd4 cxd4 29. Rbe1 Rb8 30. Rh4 Rxb5 31. Qd2 Qe3 32. Qxe3 dxe3 33. Re4 e6 34. Rxe3 Rc2 35. Re4 a5 36. Kf2 Kg7 37. g4 g5 38. Ra1 Kf6 39. Raa4 Rcb2 40. Red4 R2b4 41. Rxa5 Rxa5 42. Rxb4 Rd5 43. Rb7 Ra5 44. Ke3 Kg7 45. Ke4 Kf6 46. d4 Rd5 47. e3 Ra5 48. f4 gxf4 49. exf4 Kg7 50. g5 Kg6 51. Rb8 Rd5 52. Rg8+ Kh7 53. Rc8 Kg6 54. Rc5 Rd7 55. d5 exd5+ 56. Rxd5 Re7+ 57. Kf3 Rb7 58. Rd6+ Kg7 59. Kg4 Rb4 60. Kf5 Rb5+ 61. Kg4 Rb4 62. Kf3 Rb3+ 63. Ke4 Rb4+ 64. Ke5 Rb5+ 65. Rd5 Rb4 66. f5 Rg4 67. f6+ Kg6 68. Rd8 Rxg5+ 69. Kf4 Kxf6 70. Rd6+ Ke7 71. Ra6 Rg6 72. Kf3 Rxa6 73. Kf4 Ra5 0-1

[Event "Titled Tuesday intern op 31st Aug"]
[Site "Chess.com INT"]
[Date "2021.08.31"]
[Round "9"]
[White "Blanco Gramajo, Cesar Augusto"]
[Black "Navarro, Tiago Cunha"]
[Result "0-1"]
[WhiteElo "2065"]
[BlackElo "2117"]
[PlyCount "102"]
[EventDate "2021.08.31"]
[EventType "swiss (blitz)"]
[EventRounds "11"]
[EventCountry "USA"]
[SourceTitle "EXT 2022"]
[Source "ChessBase"]
[SourceDate "2021.10.06"]
[SourceVersion "1"]
[SourceVersionDate "2021.10.06"]
[SourceQuality "1"]

1. d4 d5 2. Nf3 Bf5 3. g3 e6 4. Bg2 c5 5. 0-0 Nc6 6. c4 dxc4 7. dxc5 Qxd1 8. Rxd1 Bxc5 9. Bf4 Nf6 10. Nc3 Ne4 11. Nxe4 Bxe4 12. Rac1 b5 13. b3 Ba3 14. Rc3 Bb2 15. Re3 Bxf3 16. Bxf3 Rc8 17. bxc4 bxc4 18. Bd6 c3 19. Be4 f6 20. Bc2 Kf7 21. Red3 Rhd8 22. f4 h5 23. e4 Na5 24. e5 Nc4 25. Rb1 Nxd6 26. exd6 Rc6 27. Rbd1 Ba3 28. d7 Ke7 29. Kf2 Rc7 30. Ke3 Bb2 31. h3 Rcxd7 32. Rxd7+ Rxd7 33. Rxd7+ Kxd7 34. Bg6 h4 35. g4 Kd6 36. Kd3 e5 37. fxe5+ Kxe5 38. Ke3 Bc1+ 39. Kf3 Kd4 40. Ke2 Bf4 41. Bc2 a5 42. Bd3 Be5 43. Bf5 Kc5 44. Kd3 Kb4 45. Kc2 Ka3 46. Kb1 Kb4 47. Kc2 Kc4 48. Bd3+ Kd4 49. Bf5 Ke3 50. Be6 Kf3 51. Bf5 Kg3 0-1

[Event "Titled Tuesday intern op 31st Aug"]
[Site "Chess.com INT"]
[Date "2021.08.31"]
[Round "4"]
[White "Navarro, Tiago Cunha"]
[Black "Ashiev, Eduard"]
[Result "0-1"]
[WhiteElo "2117"]
[BlackElo "2202"]
[PlyCount "80"]
[EventDate "2021.08.31"]
[EventType "swiss (blitz)"]
[EventRounds "11"]
[EventCountry "USA"]
[SourceTitle "EXT 2022"]
[Source "ChessBase"]
[SourceDate "2021.10.06"]
[SourceVersion "1"]
[SourceVersionDate "2021.10.06"]
[SourceQuality "1"]

1. d4 d6 2. Nf3 Bg4 3. Bf4 Nd7 4. Bg3 Ngf6 5. c3 e6 6. h3 Bh5 7. Nbd2 d5 8. Ne5 Nxe5 9. Bxe5 Nd7 10. Bg3 Bd6 11. Bxd6 cxd6 12. Qb3 0-0 13. e3 Nb6 14. Bd3 e5 15. dxe5 dxe5 16. 0-0 Qh4 17. Rfe1 Rad8 18. a4 Rd7 19. a5 Nc8 20. Bb5 Rdd8 21. Ra4 Qe7 22. e4 d4 23. cxd4 exd4 24. Qb4 Qg5 25. Bd3 Rfe8 26. Nf1 f5 27. exf5 Rxe1 28. Qxe1 Re8 29. Qd2 Qf6 30. Qf4 Bf7 31. Rxd4 Ne7 32. Rd6 Qxb2 33. Rd7 Nc6 34. Bc4 Bxc4 35. Qxc4+ Kh8 36. Qf7 Qe5 37. Rxb7 Nd4 38. Ne3 Ne2+ 39. Kf1 Nf4 40. f6 Qa1+ 0-1

[Event "Titled Tuesday intern op 31st Aug"]
[Site "Chess.com INT"]
[Date "2021.08.31"]
[Round "11"]
[White "Navarro, Tiago Cunha"]
[Black "Lock, Gavin R"]
[Result "1/2-1/2"]
[WhiteElo "2117"]
[BlackElo "2107"]
[PlyCount "120"]
[EventDate "2021.08.31"]
[EventType "swiss (blitz)"]
[EventRounds "11"]
[EventCountry "USA"]
[SourceTitle "EXT 2022"]
[Source "ChessBase"]
[SourceDate "2021.10.06"]
[SourceVersion "1"]
[SourceVersionDate "2021.10.06"]
[SourceQuality "1"]

1. d4 d5 2. Nf3 e6 3. Bf4 c5 4. c3 Nf6 5. e3 Bd6 6. Bg3 Qc7 7. Nbd2 Nbd7 8. Bd3 0-0 9. 0-0 e5 10. dxe5 Nxe5 11. Nxe5 Bxe5 12. Qc2 Bxg3 13. hxg3 b6 14. e4 dxe4 15. Nxe4 Nxe4 16. Bxe4 Bb7 17. Bxh7+ Kh8 18. Be4 Rfe8 19. Bxb7 Qxb7 20. Qf5 g6 21. Qf6+ Kg8 22. Rae1 Qd5 23. Rd1 Qxa2 24. Rd7 Qe6 25. Qxe6 Rxe6 26. Rfd1 Re2 27. R1d2 Rxd2 28. Rxd2 Kf8 29. f4 Ke7 30. Kf2 Rd8 31. Re2+ Kd6 32. g4 b5 33. Kf3 a5 34. Rd2+ Kc7 35. Rxd8 Kxd8 36. Ke4 Kc7 37. Kd5 Kb6 38. g5 a4 39. g4 b4 40. cxb4 cxb4 41. Kc4 Ka5 42. f5 a3 43. bxa3 bxa3 44. Kb3 Kb5 45. Kxa3 Kc4 46. Kb2 Kd3 47. Kc1 Ke4 48. Kd2 Kf4 49. fxg6 fxg6 50. Ke2 Kxg4 51. Kf2 Kxg5 52. Kg3 Kf5 53. Kf3 Kg5 54. Kg3 Kf5 55. Kf3 g5 56. Kg3 g4 57. Kg2 Kg5 58. Kg3 Kf5 59. Kg2 Ke4 60. Kg3 Kf5 1/2-1/2

[Event "Titled Tuesday intern op 24th Aug"]
[Site "Chess.com INT"]
[Date "2021.08.24"]
[Round "7"]
[White "De Souza, Cristiano Gomes"]
[Black "Navarro, Tiago Cunha"]
[Result "0-1"]
[WhiteElo "2018"]
[BlackElo "2117"]
[PlyCount "138"]
[EventDate "2021.08.24"]
[EventType "swiss (blitz)"]
[EventRounds "11"]
[EventCountry "USA"]
[SourceTitle "EXT 2022"]
[Source "ChessBase"]
[SourceDate "2021.10.06"]
[SourceVersion "1"]
[SourceVersionDate "2021.10.06"]
[SourceQuality "1"]

1. d4 d5 2. c4 e6 3. Nf3 c5 4. cxd5 exd5 5. g3 Nc6 6. Bg2 Nf6 7. 0-0 h6 8. Nc3 c4 9. Bf4 Bb4 10. Ne5 0-0 11. Nxc6 bxc6 12. Rc1 Bf5 13. Qa4 Qb6 14. b3 Bxc3 15. Rxc3 Qxd4 16. Rfc1 Rfe8 17. bxc4 Rxe2 18. Be3 Qe5 19. cxd5 cxd5 20. Bf3 Rb2 21. Bd4 Qb8 22. Bxf6 gxf6 23. Bxd5 Qb6 24. Qf4 Rd8 25. Qxf5 Rxd5 26. Rc8+ Kg7 27. Qg4+ Rg5 28. Qf4 Rxa2 29. R8c6 Qb2 30. R1c2 Qa1+ 31. Kg2 Rxc2 32. Rxc2 Qe5 33. Qxe5 Rxe5 34. Ra2 a5 35. f4 Rb5 36. Kf3 f5 37. h3 Kg6 38. g4 fxg4+ 39. hxg4 f5 40. gxf5+ Kxf5 41. Kg3 Rb3+ 42. Kh4 Rb5 43. Kg3 h5 44. Ra4 Ke6 45. Kh4 Rf5 46. Kg3 Kd6 47. Kf3 Kc6 48. Ke4 Rb5 49. Ra2 Kb6 50. f5 Rb4+ 51. Ke5 a4 52. f6 Rb5+ 53. Ke6 Ra5 54. f7 Ra8 55. Ke7 Kb5 56. f8Q Rxf8 57. Kxf8 Kb4 58. Kf7 Kb3 59. Ra1 a3 60. Rh1 a2 61. Rxh5 a1Q 62. Rb5+ Kc4 63. Rf5 Qa7+ 64. Kg6 Qb6+ 65. Rf6 Qc7 66. Rf7 Kd4 67. Rd7+ Qxd7 68. Kg5 Qd5+ 69. Kg6 Qe5 0-1

[Event "Florianopolis op 4th"]
[Site "Florianopolis"]
[Date "2018.01.23"]
[Round "7"]
[White "Manzi, Luiz Antonio Bardao"]
[Black "Navarro, Tiago Cunha"]
[Result "1/2-1/2"]
[WhiteElo "1978"]
[BlackElo "2126"]
[PlyCount "52"]
[EventDate "2018.01.19"]
[EventType "swiss"]
[EventRounds "10"]
[EventCountry "BRA"]
[SourceTitle "EXT 2019"]
[Source "ChessBase"]
[SourceDate "2018.10.10"]
[SourceVersion "1"]
[SourceVersionDate "2018.10.10"]
[SourceQuality "1"]

1. Nf3 g6 2. b3 Bg7 3. d4 c5 4. Bb2 d6 5. e3 Nf6 6. Be2 d5 7. 0-0 cxd4 8. exd4 Nc6 9. Nbd2 0-0 10. Re1 Bg4 11. Ne5 Bf5 12. Nxc6 bxc6 13. Nf1 Qb6 14. Ng3 Bd7 15. Ba3 Rfe8 16. Bc5 Qc7 17. c4 h5 18. Bf3 dxc4 19. bxc4 Bg4 20. Rb1 e5 21. dxe5 Rxe5 22. Rxe5 Qxe5 23. Be3 Qe6 24. h3 Bxf3 25. Qxf3 Qxc4 26. Rc1 Qxa2 1/2-1/2

[Event "Florianopolis op 4th"]
[Site "Florianopolis"]
[Date "2018.01.21"]
[Round "4"]
[White "Navarro, Tiago Cunha"]
[Black "Silva, Fernando So Barros"]
[Result "1-0"]
[WhiteElo "2126"]
[BlackElo "1780"]
[PlyCount "107"]
[EventDate "2018.01.19"]
[EventType "swiss"]
[EventRounds "10"]
[EventCountry "BRA"]
[SourceTitle "EXT 2019"]
[Source "ChessBase"]
[SourceDate "2018.10.10"]
[SourceVersion "1"]
[SourceVersionDate "2018.10.10"]
[SourceQuality "1"]

1. d4 Nf6 2. Nf3 e6 3. e3 d5 4. Bd3 Be7 5. Nbd2 Nbd7 6. 0-0 c5 7. c3 Qc7 8. Re1 b6 9. e4 dxe4 10. Nxe4 h6 11. Ng3 Bb7 12. a4 0-0 13. Qe2 Rfe8 14. Ne5 Bf8 15. Bf4 Nd5 16. Bd2 Bd6 17. Nxd7 Qxd7 18. Ne4 Be7 19. dxc5 bxc5 20. Red1 f5 21. Ng3 Bd6 22. Bb5 Bc6 23. c4 Nf6 24. Bc3 Rad8 25. Bxf6 gxf6 26. Qh5 Kg7 27. Qh4 Rf8 28. Ra3 Qc7 29. Rad3 Bxb5 30. axb5 Be5 31. b3 Rxd3 32. Rxd3 Rd8 33. Rxd8 Qxd8 34. Qh5 Qd2 35. Qf3 Qe1+ 36. Nf1 Bd4 37. g3 Kg6 38. Kg2 e5 39. h3 h5 40. h4 Qb1 41. Nh2 Qc2 42. Nf1 Qb1 43. Kg1 e4 44. Qe2 Qxb3 45. Ne3 Qb1+ 46. Kg2 Qd3 47. Qxd3 exd3 48. Kf3 Bc3 49. Nd5 Ba5 50. Nf4+ Kf7 51. Nxd3 Bb6 52. Nf4 Bc7 53. Nxh5 Ke6 54. Ke3 1-0

[Event "Florianopolis op 4th"]
[Site "Florianopolis"]
[Date "2018.01.20"]
[Round "3"]
[White "Bail, Ellen Larissa"]
[Black "Navarro, Tiago Cunha"]
[Result "0-1"]
[WhiteElo "1823"]
[BlackElo "2126"]
[PlyCount "78"]
[EventDate "2018.01.19"]
[EventType "swiss"]
[EventRounds "10"]
[EventCountry "BRA"]
[SourceTitle "CBM 182 Extra"]
[Source "ChessBase"]
[SourceDate "2018.02.23"]
[SourceVersion "1"]
[SourceVersionDate "2018.02.23"]
[SourceQuality "1"]

1. d4 Nf6 2. c4 e6 3. Nc3 d5 4. Nf3 c6 5. Qc2 dxc4 6. Bg5 b5 7. a3 Nbd7 8. g3 Bb7 9. Bg2 h6 10. Bf4 a6 11. e4 c5 12. Rd1 b4 13. axb4 cxb4 14. Ne2 Bxe4 15. Qxc4 Nb6 16. Qc7 Qxc7 17. Bxc7 Nbd5 18. Be5 Be7 19. 0-0 0-0 20. Rc1 Rfc8 21. Nd2 Bd3 22. Rxc8+ Rxc8 23. Rc1 Rxc1+ 24. Nxc1 Bb5 25. Ncb3 Nd7 26. Bf1 Bxf1 27. Kxf1 f6 28. Bf4 Nxf4 29. gxf4 Bd6 30. f5 exf5 31. h3 Nb6 32. Nc5 a5 33. b3 Kf7 34. Ke2 Ke7 35. Kd3 g5 36. Nb7 a4 37. bxa4 Nxa4 38. Nxd6 Kxd6 39. Kc4 Nb2+ 0-1

[Event "Goiania op"]
[Site "Goiania"]
[Date "2017.05.27"]
[Round "4"]
[White "Navarro, Tiago Cunha"]
[Black "Labussiere, Yago"]
[Result "1/2-1/2"]
[WhiteElo "2137"]
[BlackElo "1830"]
[PlyCount "98"]
[EventDate "2017.05.26"]
[EventType "swiss"]
[EventRounds "6"]
[EventCountry "BRA"]
[SourceTitle "CBM 178 Extra"]
[Source "ChessBase"]
[SourceDate "2017.06.22"]
[SourceVersion "1"]
[SourceVersionDate "2017.06.22"]
[SourceQuality "1"]

1. d4 Nf6 2. c4 g6 3. Nc3 Bg7 4. g3 d6 5. Bg2 0-0 6. Nf3 Nbd7 7. 0-0 e5 8. e4 a6 9. Re1 exd4 10. Nxd4 c5 11. Nf3 Qc7 12. h3 Ne5 13. Nxe5 dxe5 14. Be3 Be6 15. Nd5 Bxd5 16. cxd5 Ne8 17. Rc1 b6 18. a4 a5 19. Rf1 Nd6 20. Bd2 Qd7 21. Qb3 Qc7 22. Bc3 Rae8 23. Rce1 h6 24. Qc2 Qd7 25. b3 Kh7 26. Qb2 f6 27. f4 Nf7 28. f5 g5 29. Bf3 Rh8 30. Bh5 Re7 31. Bxf7 Rxf7 32. Qe2 Qd6 33. h4 Kg8 34. hxg5 hxg5 35. Kg2 Bf8 36. Rh1 Rfh7 37. Rxh7 Rxh7 38. Rh1 Rxh1 39. Kxh1 Qc7 40. Kg2 Bd6 41. Qb5 Kf7 42. Kf3 Ke7 43. Ke3 c4 44. Qxc4 Qxc4 45. bxc4 g4 46. Kd3 Bc5 47. Bd2 Kd7 48. Be3 Kd6 49. Bxc5+ Kxc5 1/2-1/2

[Event "Goiania op"]
[Site "Goiania"]
[Date "2017.05.26"]
[Round "2"]
[White "Navarro, Tiago Cunha"]
[Black "Labussiere, Victor"]
[Result "1-0"]
[WhiteElo "2137"]
[BlackElo "1825"]
[PlyCount "75"]
[EventDate "2017.05.26"]
[EventType "swiss"]
[EventRounds "6"]
[EventCountry "BRA"]
[SourceTitle "CBM 178 Extra"]
[Source "ChessBase"]
[SourceDate "2017.06.22"]
[SourceVersion "1"]
[SourceVersionDate "2017.06.22"]
[SourceQuality "1"]

1. d4 Nf6 2. c4 g6 3. Nc3 Bg7 4. e4 d6 5. f3 0-0 6. Be3 c6 7. Bd3 a6 8. Nge2 b5 9. cxb5 cxb5 10. d5 Nbd7 11. Nd4 Bb7 12. 0-0 Rc8 13. Qd2 Ne5 14. Be2 Nc4 15. Bxc4 Rxc4 16. b3 Rc8 17. a4 b4 18. Nce2 a5 19. Rac1 Nd7 20. Rxc8 Qxc8 21. Rc1 Qb8 22. Nc6 Bxc6 23. dxc6 Nc5 24. Bxc5 dxc5 25. Qd5 Be5 26. Qxc5 Qc7 27. g3 Bd6 28. Qe3 f5 29. Rc4 fxe4 30. Qxe4 Rf5 31. Kg2 Re5 32. Qc2 Kg7 33. Nd4 Qb6 34. Nb5 Rc5 35. Rxc5 Bxc5 36. c7 Qc6 37. Qe4 Qd7 38. Qe5+ 1-0

[Event "Goiania IRT 2nd"]
[Site "Goiania"]
[Date "2012.07.31"]
[Round "10"]
[White "Navarro, Tiago Cunha"]
[Black "Cunha, Lucas Aguiar"]
[Result "1/2-1/2"]
[WhiteElo "2155"]
[BlackElo "2199"]
[PlyCount "29"]
[EventDate "2012.07.27"]
[EventType "tourn"]
[EventRounds "10"]
[EventCountry "BRA"]
[SourceTitle "EXT 2014"]
[Source "ChessBase"]
[SourceDate "2013.11.20"]
[SourceVersion "1"]
[SourceVersionDate "2013.11.20"]
[SourceQuality "1"]

1. e4 c5 2. Nf3 Nc6 3. d4 cxd4 4. Nxd4 e6 5. Nb5 Nf6 6. N1c3 Bb4 7. a3 Bxc3+ 8. Nxc3 d5 9. exd5 exd5 10. Bd3 0-0 11. 0-0 Bg4 12. f3 Be6 13. Bg5 Re8 14. Kh1 h6 15. Bh4 1/2-1/2

[Event "Aparecida Miranda Memorial"]
[Site "Aparecida"]
[Date "2011.06.24"]
[Round "5"]
[White "Navarro, Tiago Cunha"]
[Black "Pereira, Frederico Gazel Col"]
[Result "1/2-1/2"]
[WhiteElo "2166"]
[BlackElo "2274"]
[PlyCount "199"]
[EventDate "2011.06.22"]
[EventType "tourn"]
[EventRounds "9"]
[EventCountry "BRA"]
[SourceTitle "CBM 143 Extra"]
[Source "ChessBase"]
[SourceDate "2011.08.29"]
[SourceVersion "1"]
[SourceVersionDate "2011.08.29"]
[SourceQuality "1"]

1. d4 Nf6 2. Nf3 e6 3. g3 b5 4. Bg2 Bb7 5. 0-0 c5 6. c3 Be7 7. Bg5 Qc7 8. a4 bxa4 9. Qxa4 0-0 10. Nbd2 d6 11. Bxf6 Bxf6 12. dxc5 Qxc5 13. Ne4 Bxe4 14. Qxe4 d5 15. Qd3 Nd7 16. e4 dxe4 17. Qxe4 Rab8 18. Qa4 Ne5 19. Nd2 Rxb2 20. Ne4 Qe7 21. Qxa7 Rd8 22. Nxf6+ Qxf6 23. Rab1 Rbd2 24. Rb8 g6 25. Rxd8+ Qxd8 26. Qe3 Qd6 27. Qf4 Kg7 28. h4 Rd3 29. Qb4 Qxb4 30. cxb4 Rb3 31. Re1 Nd3 32. Re3 Rb1+ 33. Bf1 Nxb4 34. Kg2 Nc6 35. Rc3 Ne5 36. Rc2 h6 37. Be2 g5 38. hxg5 hxg5 39. Rc5 Kf6 40. Rb5 Re1 41. Rb2 g4 42. f4 gxf3+ 43. Bxf3 Re3 44. Bb7 Ng4 45. Bf3 Nh6 46. Kf2 Ra3 47. Rb7 Ra2+ 48. Kg1 Ra5 49. Kg2 Ra2+ 50. Kg1 Rc2 51. Ra7 Rd2 52. Bh5 Rd5 53. Bf3 Rg5 54. Kf2 Nf5 55. g4 Ne7 56. Kg3 Rc5 57. Be4 Rc3+ 58. Kf2 Nc8 59. Rd7 Ke5 60. Bf3 Nd6 61. Ra7 Rc4 62. Kg3 Rc3 63. Ra5+ Kf6 64. Kf2 Rb3 65. Rc5 Nb5 66. Be4 Nd4 67. Rh5 Rb2+ 68. Ke3 e5 69. Bd5 Re2+ 70. Kd3 Rf2 71. Bxf7 Rf4 72. Bd5 Rxg4 73. Be4 Rg3+ 74. Kc4 Ra3 75. Kd5 Ra5+ 76. Kd6 Ra6+ 77. Kd5 Ra5+ 78. Kd6 Nb5+ 79. Kc5 Nc3+ 80. Kb4 Ra4+ 81. Kxc3 Rxe4 82. Kd3 Ra4 83. Ke3 Ke6 84. Rh8 Ra3+ 85. Ke4 Ra4+ 86. Ke3 Kf5 87. Rf8+ Ke6 88. Rh8 Kd6 89. Rd8+ Ke7 90. Rh8 Rb4 91. Ra8 Rd4 92. Rh8 Kf7 93. Ra8 Ke6 94. Re8+ Kd5 95. Rd8+ Kc5 96. Rc8+ Kb5 97. Rc1 Rh4 98. Rc8 Rd4 99. Rc1 Rd5 100. Ke4 1/2-1/2

[Event "Brasilia Almeida Vas Memorial 2nd"]
[Site "Brasilia"]
[Date "2011.02.??"]
[Round "7"]
[White "Lima, Darcy Gustavo Macha"]
[Black "Navarro, Tiago Cunha"]
[Result "1-0"]
[WhiteElo "2496"]
[BlackElo "2215"]
[PlyCount "47"]
[EventDate "2011.02.20"]
[EventType "tourn"]
[EventRounds "9"]
[EventCountry "BRA"]
[EventCategory "4"]
[SourceTitle "CBM 141 Extra"]
[Source "ChessBase"]
[SourceDate "2011.05.03"]
[SourceVersion "1"]
[SourceVersionDate "2011.05.03"]
[SourceQuality "1"]

1. e4 c5 2. Nf3 Nc6 3. Bb5 Nd4 4. Nxd4 cxd4 5. 0-0 a6 6. Ba4 e6 7. c3 b5 8. Bc2 Bc5 9. b4 Bb6 10. Bb2 dxc3 11. Nxc3 Ne7 12. a4 bxa4 13. Nxa4 0-0 14. Nxb6 Qxb6 15. Ra3 Qxb4 16. Rb3 Qa5 17. Rg3 f6 18. Bc3 Qc7 19. f4 d5 20. Qg4 Rf7 21. Rc1 Rb8 22. Qh5 dxe4 23. Bxe4 Nf5 24. Rxg7+ 1-0

[Event "Brasilia Almeida Vas Memorial 2nd"]
[Site "Brasilia"]
[Date "2011.02.??"]
[Round "3"]
[White "Navarro, Tiago Cunha"]
[Black "Stamenkovic, Dragan"]
[Result "0-1"]
[WhiteElo "2215"]
[BlackElo "2370"]
[PlyCount "58"]
[EventDate "2011.02.20"]
[EventType "tourn"]
[EventRounds "9"]
[EventCountry "BRA"]
[EventCategory "4"]
[SourceTitle "CBM 141 Extra"]
[Source "ChessBase"]
[SourceDate "2011.05.03"]
[SourceVersion "1"]
[SourceVersionDate "2011.05.03"]
[SourceQuality "1"]

1. e4 c5 2. Nf3 Nc6 3. d4 cxd4 4. Nxd4 Nf6 5. Nc3 d6 6. Be2 e5 7. Nb3 Be7 8. 0-0 0-0 9. Kh1 Be6 10. f4 exf4 11. Bxf4 d5 12. e5 Ne4 13. Bd3 Nc5 14. Nxc5 Bxc5 15. Qh5 g6 16. Qh6 Re8 17. Bg5 Bf8 18. Qh4 Qb8 19. Bf6 Nxe5 20. Bb5 Nc6 21. Rad1 a6 22. Ba4 b5 23. Bb3 Ne7 24. Nxd5 Nxd5 25. Rxd5 Bxd5 26. Bxd5 Ra7 27. Bc3 b4 28. Bd4 Qd8 29. Bc6 Qxh4 0-1

[Event "Brasilia Almeida Vas Memorial 2nd"]
[Site "Brasilia"]
[Date "2011.02.??"]
[Round "9"]
[White "Rodi, Luis Ernesto"]
[Black "Navarro, Tiago Cunha"]
[Result "1-0"]
[WhiteElo "2310"]
[BlackElo "2215"]
[PlyCount "39"]
[EventDate "2011.02.20"]
[EventType "tourn"]
[EventRounds "9"]
[EventCountry "BRA"]
[EventCategory "4"]
[SourceTitle "CBM 141 Extra"]
[Source "ChessBase"]
[SourceDate "2011.05.03"]
[SourceVersion "1"]
[SourceVersionDate "2011.05.03"]
[SourceQuality "1"]

1. e4 c5 2. Nc3 Nc6 3. Bb5 Nd4 4. Bc4 a6 5. Nf3 e6 6. 0-0 b5 7. Bd3 Bb7 8. Nxd4 cxd4 9. Ne2 Bc5 10. a3 Nf6 11. b4 Bb6 12. Ng3 h5 13. Re1 h4 14. Nf1 Qc7 15. Bb2 Qf4 16. Qe2 e5 17. h3 d6 18. Nh2 Bc8 19. Bc1 Rh6 20. Bxb5+ 1-0